Normal view
MARC view
- Lehn, Peter W.
Entry Personal Name
001 - CONTROL NUMBER
- control field: 56202
003 - CONTROL NUMBER IDENTIFIER
- control field: OSt
005 - DATE AND TIME OF LATEST TRANSACTION
- control field: 20240405131146.0
008 - FIXED-LENGTH DATA ELEMENTS
- fixed length control field: 240405|| aca||aabn | a|a d
040 ## - CATALOGING SOURCE
- Original cataloging agency: OSt
- Transcribing agency: OSt
100 ## - HEADING--PERSONAL NAME
- Personal name: Lehn, Peter W.
- Relator term: author.
670 ## - SOURCE DATA FOUND
- Source citation: Work cat.: (OSt): Viana, Caniggia Castro Diniz. author. 56200, Auxiliary power module elimination in EVs using dual inverter drivetrain /, October 2022.
